000 00676nam a2200241Ia 4500
003 OSt
005 20221005050113.0
006 a|||||r|||| 00| 0
007 ta
008 221004b |||||||| |||| 00| 0 ben d
024 _a22798
037 _bGift, 12/10/2015,
_cTextual
040 _aCRL
_cCRL
_bben
041 _2ben
_aben
082 _aO157,6:g, K2;Q0.2
100 _aDe Adhir
_9594279
245 0 _aAdhinik bangla prabandha
260 _aKolkata
_bUjjal Sahitya Mandir India
_c2010
300 _a184p.
_ccm.
650 _aBENGALI LITERATURE
942 _hO157,6:g, K2;Q0.2
_cTEXL
_2cc
999 _c956296
_d956296